Sociedad on-line : (Record no. 110512)

MARC details
000 -LEADER
campo de control de longitud fija 01175cam a2200361Mi 4500
001 - NÚMERO DE CONTROL
campo de control 50740
005 - FECHA Y HORA DE LA ÚLTIMA TRANSACCIÓN
campo de control 20230411090005.0
008 - DATOS DE LONGITUD FIJA--INFORMACIÓN GENERAL
campo de control de longitud fija 060425s2005 sp 000 0 spa d
035 ## - NÚMERO DE CONTROL DEL SISTEMA
Número de control de sistema (OCoLC)ocm68088174
040 ## - FUENTE DE CATALOGACIÓN
Centro catalogador/agencia de origen PL#
Lengua de catalogación spa
Centro/agencia transcriptor PL#
Centro/agencia modificador BAKER
-- BTCTA
-- YDXCP
019 ## -
-- 150340521
020 ## - NÚMERO INTERNACIONAL ESTÁNDAR DEL LIBRO
Número Internacional Estándar del Libro 8497883691
020 ## - NÚMERO INTERNACIONAL ESTÁNDAR DEL LIBRO
Número Internacional Estándar del Libro 9788497883696
029 0# - OTRO NÚMERO DE CONTROL DE SISTEMA (OCLC)
Identificador de la biblioteca OCLC PL#
Número de control de sistema 060007667
035 ## - NÚMERO DE CONTROL DEL SISTEMA
Número de control de sistema (OCoLC)68088174
Número de control cancelado/no válido (OCoLC)150340521
041 0# - CÓDIGO DE IDIOMA
Código de lengua del texto/banda sonora o título independiente spaeng
049 ## - FONDOS LOCALES (OCLC)
Biblioteca depositaria GRAL
245 00 - MENCIÓN DEL TÍTULO
Título Sociedad on-line :
Resto del título internet en contexto /
Mención de responsabilidad, etc. Philip N. Howard y Steve Jones (editores).
250 ## - MENCION DE EDICION
Mención de edición 1 ed.
260 ## - PUBLICACIÓN, DISTRIBUCIÓN, ETC.
Lugar de publicación, distribución, etc. Barcelona :
Nombre del editor, distribuidor, etc. Editorial UOC,
Fecha de publicación, distribución, etc. c2005.
300 ## - DESCRIPCIÓN FÍSICA
Extensión 401 p. ;
Dimensiones 23 cm.
440 #0 - MENCIÓN DE SERIE/PUNTO DE ACCESO ADICIONAL--TÍTULO
Título Colección Nuevas tecnologís y sociedad
504 ## - NOTA DE BIBLIOGRAFÍA, ETC.
Nota de bibliografía, etc. Bibliografía: p. [387]-401.
653 ## - TÉRMINO DE INDIZACIÓN--NO CONTROLADO
Término no controlado Internet
-- Aspectos sociales
700 1# - ENTRADA AGREGADA--NOMBRE PERSONAL
Nombre de persona Howard, Philip N,
Término indicativo de función/relación ed.
700 1# - ENTRADA AGREGADA--NOMBRE PERSONAL
Nombre de persona Jones, Steve,
Término indicativo de función/relación ed.
938 ## -
-- Puvill Libros
-- PUVL
-- 8497883691
-- $44.11
938 ## -
-- Baker and Taylor
-- BTCP
-- BK0006735489
938 ## -
-- Baker & Taylor
-- BKTY
-- 59.95
-- 59.95
-- 8497883691
-- 0006735489
-- active
938 ## -
-- YBP Library Services
-- YANK
-- 2569406
942 ## - ELEMENTOS DE ENTRADA SECUNDARIOS (KOHA)
Fuente del sistema de clasificación o colocación Clasificación de Library of Congress
Tipo de ítem Koha
994 ## -
-- C0
-- DRFGD
Holdings
Estatus retirado Estado de pérdida Fuente del sistema de clasificación o colocación Estado de daño No para préstamo Colección Biblioteca de origen Biblioteca actual Ubicación en estantería Fecha de adquisición Código de barras Visto por última vez Copia número Tipo de ítem Koha
    Clasificación de Library of Congress     Automatización y Procesos Técnicos Biblioteca Juan Bosch Biblioteca Juan Bosch Automatización y Procesos Técnicos (1er. Piso) 11/04/2023 00000051861 17/02/2019 1